| 000 | 00664nam a22002057a 4500 | ||
|---|---|---|---|
| 999 |
_c20992 _d20992 |
||
| 003 | AR-CdUCM | ||
| 008 | 190723b ||||| |||| 00| 0 spa d | ||
| 040 |
_aMUNICIPALIDAD PROVINCIAL DEL CUSCO _cBIBLIOTECA MUNICIPAL DEL CUSCO |
||
| 082 |
_aC / 380.61 / _bM83 |
||
| 100 |
_aMorner, Magnus _94408 |
||
| 245 | _aNotas sobre el comercio y los comerciantes del Cusco desde fines de la colonia hasta 1930 / | ||
| 260 |
_aLima : _bIEP, _c1979. |
||
| 300 |
_a30 páginas ; _c19.5 cm. |
||
| 440 |
_aHistoria socioeconomica del Cusco _n1 _943787 |
||
| 650 |
_aComercio _9322 |
||
| 650 |
_aEconomía _9382 |
||
| 650 |
_aCusco _9772 |
||
| 942 |
_2ddc _cLIBROS |
||
| 945 | _azta | ||